Good practice guidelines (Record no. 109999)

MARC details
000 -LEADER
fixed length control field 01438cad a22002535a 4500
001 - CONTROL NUMBER
control field E148304
008 - FIXED-LENGTH DATA ELEMENTS--GENERAL INFORMATION
fixed length control field 090901s2009 xxk f f000 0 eng d
020 ## - INTERNATIONAL STANDARD BOOK NUMBER
International Standard Book Number 9781906581909
035 ## - SYSTEM CONTROL NUMBER
System control number (Sirsi) u148304
041 0# - LANGUAGE CODE
Language code of text/sound track or separate title eng
050 04 - LIBRARY OF CONGRESS CALL NUMBER
Classification number 711.7 $2 18
110 2# - MAIN ENTRY--CORPORATE NAME
Corporate name or jurisdiction name as entry element United Kingdom
Subordinate unit Department for Transport
9 (RLIN) 4866
245 00 - TITLE STATEMENT
Title Good practice guidelines
Remainder of title delivering travel plans through the planning process
Medium [electronic resource]
260 ## - PUBLICATION, DISTRIBUTION, ETC.
Place of publication, distribution, etc. London
Name of publisher, distributor, etc. DFT
Date of publication, distribution, etc. 2009
505 2# - FORMATTED CONTENTS NOTE
Formatted contents note Introduction -- An overview of process and delivery -- The policy framework, strategic and local -- The process of requiring a travel plan -- Travel plan design and content -- Evaluating incoming travel plans -- Securing the travel plan -- Implementation and management -- Monitoring, default mechanisms and enforcement -- Appendices
520 ## - SUMMARY, ETC.
Summary, etc. Highlights best practice in the production of high-quality travel plans. The suggestions are intended as recommendations only, and do not form part of Government policy or law on travel plans.
521 ## - TARGET AUDIENCE NOTE
Target audience note Advanced
590 ## - LOCAL NOTE (RLIN)
Local note KA NTK
651 #4 - SUBJECT ADDED ENTRY--GEOGRAPHIC NAME
Geographic name England and Wales
Chronological subdivision 1543-
690 ## - LOCAL SUBJECT ADDED ENTRY--TOPICAL TERM (OCLC, RLIN)
Topical term or geographic name as entry element PROPERTY-INFRASTRUCTURE-TRANSPORT INFRASTRUCTURE
710 2# - ADDED ENTRY--CORPORATE NAME
Corporate name or jurisdiction name as entry element United Kingdom
Subordinate unit Department for Communities and Local Government
9 (RLIN) 4939
856 40 - ELECTRONIC LOCATION AND ACCESS
Uniform Resource Identifier <a href="https://www.dft.gov.uk/pgr/sustainable/travelplans/tpp/goodpracticeguidelines-main.pdf">https://www.dft.gov.uk/pgr/sustainable/travelplans/tpp/goodpracticeguidelines-main.pdf</a>
Public note View the item (pdf file) free of charge at www.dft.gov.uk...
942 ## - ADDED ENTRY ELEMENTS (KOHA)
Suppress in OPAC 0
Holdings
Withdrawn status Lost status Source of classification or shelving scheme Damaged status Not for loan Home library Current library Shelving location Date acquired Total Checkouts Full call number Barcode Date last seen Copy number Price effective from Koha item type
    Dewey Decimal Classification     Virtual Virtual Online 01/09/2009   ONLINE PUBLICATION 148304-2001 06/08/2019 1 06/08/2019 Book